000 00437pab a2200181 454500
008 180718b2017 xxu||||| |||| 00| 0 eng d
100 _aSen, Amartya
245 _aSkill and entrepreneurship: empowering rural women
260 _c2017
300 _ap.37-41.
362 _aSep
650 _aWomen
650 _aRural women
650 _aEntrepreneurs
650 _aSkills development
773 _aKurukshetra
909 _a115966
999 _c115960
_d115960